| 000 | 00714nam a22001933i 4500 | ||
|---|---|---|---|
| 001 | 161998 | ||
| 003 | ES-MaACL | ||
| 005 | 20230906212412.0 | ||
| 008 | 020617s1872 be af |||| | fre d | ||
| 040 |
_aCCPB | B _bspa _cCCPB | B |
||
| 100 | 1 |
_aPetre, A. _9131073 |
|
| 245 | 1 | 0 |
_aKriegsspiel _b: jeu de guerre : guide des opérations tactiques exécutées sur la carte / _cpar A. Petre. |
| 260 |
_aBruxelles : _bC. Muquardt ; _aParis : _bJ. Dumaine, _c1872. |
||
| 300 |
_a52 p., [2] h. de grab. pleg. ; _c18 cm. |
||
| 650 | 4 |
_aManiobras militares. _9136455 |
|
| 752 |
_aBélgica - _dBruselas |
||
| 752 |
_aFrancia - _dParís |
||
| 852 |
_aES-MaACL _jFol-Laf-562 _z-- Rúst. _z-- Legado de Modesto de la Fuente |
||
| 999 |
_c161998 _d161998 |
||